ARRUPE JESUIT UNIVERSITY

CORONAVIRUS -STOP THE SPREAD - CLEAN,DISINFECT,COVER

Pastoral for a missionary church (Record no. 130415)

MARC details
000 -LEADER
fixed length control field 00495nam a22001457a 4500
008 - FIXED-LENGTH DATA ELEMENTS--GENERAL INFORMATION
fixed length control field 200318b ||||| |||| 00| 0 eng d
050 ## - LIBRARY OF CONGRESS CALL NUMBER
Classification number BX1912.E75
100 ## - MAIN ENTRY--PERSONAL NAME
Personal name Bifet, Juan Esquerda
9 (RLIN) 49681
245 ## - TITLE STATEMENT
Title Pastoral for a missionary church
Statement of responsibility, etc Juan Esquerda Bifet
260 ## - PUBLICATION, DISTRIBUTION, ETC. (IMPRINT)
Place of publication, distribution, etc Rome
Name of publisher, distributor, etc Pontificia Universitas Urbaniana
Date of publication, distribution, etc 1993
300 ## - PHYSICAL DESCRIPTION
Extent 337p. ;
Dimensions 21cm.
650 ## - SUBJECT ADDED ENTRY--TOPICAL TERM
Topical term or geographic name as entry element Catholic Church
General subdivision Clergy
-- Religious life
9 (RLIN) 11664
650 ## - SUBJECT ADDED ENTRY--TOPICAL TERM
Topical term or geographic name as entry element Pastoral theory
General subdivision Catholic Church
9 (RLIN) 49682
942 ## - ADDED ENTRY ELEMENTS (KOHA)
Source of classification or shelving scheme Library of Congress Classification
Item type Monograph ( Printed materials)
Holdings
Withdrawn status Lost status Source of classification or shelving scheme Damaged status Not for loan Collection code Home library Current library Shelving location Date acquired Total Checkouts Full call number Barcode Date last seen Price effective from Koha item type
    Library of Congress Classification     Main Collection ARRUPE LIBRARY ARRUPE LIBRARY Main Collection 18/03/2020   BX1912.E75 46600006841 18/03/2020 18/03/2020 Monograph ( Printed materials)

 

Arrupe Library. PO Box MP320 Mt Pleasant, Harare, Zimbabwe
263 242 745411|librarian@aju.ac.zw